Statistics for Pokemon True or False

Click here to take the quiz!

General Stats

  • This quiz has been taken 54 times
  • The average score is 7 of 12

Answer Stats

QuestionAnswer% Correct
Corsola cannot be male.False
73%
There are more male gym leaders than female.True
71%
Farfetch'd evolves into Sirfetch'd by landing three critical hits in one battle.True
71%
There are no Pokemon of type Normal/Ground.False
67%
Dratini is taller/longer than Sceptile.True
67%
Heatran has a unique typing.True
67%
Zubat (and its evolutionary line) have a unique typing.True
58%
There are more Bug type gyms than Rock type gyms.False
50%
Galarian Meowth evolves into Perrserker when it earns 100 Pokedollars in one battle (through using Pay Day).False
48%
Breloom has a unique typing.False
46%
Drowzee has fewer type weaknesses than Joltik.False
44%
The three rarest Pokemon types are Ice, Ghost and Dark.False
31%

Score Distribution

Percentile by Number Answered

Percent of People with Each Score

Your Score History

You have not taken this quiz